Inclusive Banking Through Pradhan Mantri Jan Dhan Yojana/ (Record no. 205481)

MARC details
000 -LEADER
fixed length control field 01001nam a22002417a 4500
003 - CONTROL NUMBER IDENTIFIER
control field dpl
005 - DATE AND TIME OF LATEST TRANSACTION
control field 20240903113527.0
008 - FIXED-LENGTH DATA ELEMENTS--GENERAL INFORMATION
fixed length control field 231221b |||||||| |||| 00| 0 eng d
010 ## - LIBRARY OF CONGRESS CONTROL NUMBER
LC control number ENG-141567
020 ## - INTERNATIONAL STANDARD BOOK NUMBER
International Standard Book Number 9789389146172
Terms of availability 500.00
035 ## - SYSTEM CONTROL NUMBER
System control number EN-125099
037 ## - SOURCE OF ACQUISITION
Source of stock number/acquisition DBAD
040 ## - CATALOGING SOURCE
Transcribing agency 0
082 ## - DEWEY DECIMAL CLASSIFICATION NUMBER
Classification number 332.1
100 ## - MAIN ENTRY--PERSONAL NAME
Personal name Kamaraj, R.
9 (RLIN) 70408
245 ## - TITLE STATEMENT
Title Inclusive Banking Through Pradhan Mantri Jan Dhan Yojana/
Statement of responsibility, etc By R. Kamaraj [and] C. Paramasivan
260 ## - PUBLICATION, DISTRIBUTION, ETC. (IMPRINT)
Place of publication, distribution, etc Tamil Nadu
Name of publisher, distributor, etc Shanlax Publications
Date of publication, distribution, etc 2019
270 ## - ADDRESS
Address 61, 66 T.P.K. Main Road Vasantha Nagar
City Madurai
Postal code 625003
State or province Madurai
Country India
Telephone number 0452-4208765
-- 7639303383
Electronic mail address publisher@shanlaxpublications.com
300 ## - PHYSICAL DESCRIPTION
Extent 236p.
Dimensions 22cm(pb)
700 ## - ADDED ENTRY--PERSONAL NAME
Personal name Paramasivan, C.
Relator term Author
9 (RLIN) 70876
942 ## - ADDED ENTRY ELEMENTS (KOHA)
Koha item type English Books
Classification part 332.1
Call number suffix KAM
Source of classification or shelving scheme Dewey Decimal Classification
Holdings
Withdrawn status Lost status Source of classification or shelving scheme Damaged status Not for loan Collection code Home library Current library Date acquired Source of acquisition Cost, normal purchase price Total Checkouts Full call number Barcode Date last seen Copy number Price effective from Koha item type
    Dewey Decimal Classification     Non-fiction Shahdara Branch Shahdara Branch 03/09/2024 DBAD 500.00   332.1 KAM EN-125099 03/09/2024 1 03/09/2024 English Books

© Delhi Public Library
Hit Counter
free hit counter